Zálesák je poslední, kdo může zastavit blížící se katastrofu

Podrobná bibliografia
Ďalší autori: Norris, Aaron (Autor dialógov), Norris, Chuck, 1940-2026 (uci), Kiser, Terry (uci), Gail, Max (uci)
Médium: Kniha
Jazyk:čeština
Fyzický popis:1 videokazeta (96 min.) stereo, fareb., VHS systém PAL 10x19 cm
Vydavateľské údaje: Bratislava Intersonic 1997
Predmet:

MARC

LEADER 00000nam a2200000 a 4500
001 vtls001305116
003 SK-MaSNL
005 20260320155131.0
008 251031s1997 xo 0 cze
015 |a SNBJ1997/04-01662 
035 |a SNK000257336 
040 |a SNK  |b slo  |c SNK  |e AACR2 
041 0 |a cze 
044 |a xo  |c SK 
080 |a 791.43(73)(086.8)  |2 1981 
240 1 0 |a Forrest warrior  |l Česky 
245 1 |a Zálesák  |h videozáznam  |b je poslední, kdo může zastavit blížící se katastrofu  |c réžia Aaron Norris 
260 |a Bratislava  |b Intersonic  |c 1997 
300 |a 1 videokazeta (96 min.)  |b stereo, fareb., VHS systém PAL  |c 10x19 cm 
511 |a Hrajú: Chuck Norris (John Mckenna), Terry Kiser (Travis Thorne), Max Gail (šerif) 
521 |a Mládeži do 15 r. nevhodné 
650 0 7 |a filmy dobrodružné  |x videokazety  |2 SNK  |9 291183 
655 7 |a videokazety  |2 SNK  |9 70726 
700 1 |a Norris, Aaron  |4 aud  |9 40540 
700 1 |a Norris, Chuck,  |d 1940-2026  |4 uci  |9 151145 
700 1 |a Kiser, Terry  |4 uci  |9 44808 
700 1 |a Gail, Max  |4 uci  |9 40462 
730 |t Forrest warrior  |9 520234 
999 |c 802254  |d 804184 
952 |t P60, <03>, [BOOK], {603}  |a SNK  |b SNK  |y PREZ  |7 0  |p 17A0092378  |o snkSVC 868  |i snkJK 441/97  |0 0  |1 0  |4 0  |d 1997-10-03  |l 0  |r 2005-01-02 00:00:00  |w 2026-02-24